Canal de Urgel. Régimen de los riegos y policía de aguas : Legislación vigente coleccionada por acuerdo del Sindicato general, fecha 13 de abril de 1882 Legislación vigente coleccionada por acuerdo del Sindicato general, fecha 13 de abril de 1882
Descripción Física:
80 p., índex ; 19 cm
MARC
| LEADER | 00000nam a2200000Ia 4500 | ||
|---|---|---|---|
| 001 | 12311 | ||
| 008 | 160829s1902 xx 000 0 cat d | ||
| 080 | |a D-1-168 | ||
| 245 | |a Canal de Urgel. Régimen de los riegos y policía de aguas : |b Legislación vigente coleccionada por acuerdo del Sindicato general, fecha 13 de abril de 1882 | ||
| 260 | |a Lérida : |b Imp. y libreria de Sol y Benet, |c 1902 | ||
| 300 | |a 80 p., índex ; |c 19 cm | ||
| 590 | |a Prové de OP-6625 | ||
| 650 | |a Canal d'Urgell |x Dret i legislació |9 46776 | ||
| 650 | |a Espanya. Lleis, decrets, etc. |9 31465 | ||
| 901 | |a Arxiu | ||
| 942 | |n 1 | ||
| 952 | |0 0 |1 0 |4 0 |6 D1168 |7 1 |9 53441 |a Arxiu |b Arxiu |d 2016-12-01 |l 0 |o D-1-168 |p 12311 |r 2016-12-01 00:00:00 |w 2016-12-01 |y ARXIU | ||
| 999 | |c 57307 |d 57307 | ||